000 00617nam a2200277Ia 4500
005 20260324145333.0
008 008 260324s9999 xx 000 0 eng d
020 _a9781003531074
037 _aEBOOK
040 _aCRL
040 _beng
040 _cCRL
041 _2eng
041 _aeng
084 _qCRL
100 _aJohn Spurling
_91222604
245 0 _aGraham Greene
260 _bTaylor and Francis
260 _c1983
365 _a
365 _b77.99
856 _uhttp://www.taylorfrancis.com/books/9781003531074
942 _cEBOOK
999 _c1830375
_d1830375